000 00591nam a2200229 i 4500
001 C2-0219553
003 PPAK
005 20180728111906.0
008 990902s nyua|||| ||||| | eng d
040 _aPPAK
_beng
_cPPAK
_erda
082 0 4 _a070.43
_2 23
090 0 0 _a070.43
_bTIM
_dKWI
245 0 0 _aTime
264 1 _aNew York :
_bTime Inc. ,
300 _avarious :
_billustrations ;
_c28 cm
336 _2rdacontent
_atext
337 _2rdamedia
_aunmediated
338 _2rdacarrier
_avolume
500 _aJilid ; Dec. 1971 - May 1972
650 1 0 _aPeriodicals
942 _ddc
_cB
999 _c162127
_d162127